| 000 | 01227nam a2200325 a 4500 | ||
|---|---|---|---|
| 001 | 000113171 | ||
| 003 | CHAP | ||
| 005 | 20220329144341.0 | ||
| 008 | 170509s2016 mx sm |||||||spa d | ||
| 010 | _a109632 | ||
| 011 | _a110604 | ||
| 040 | _cCHAP | ||
| 090 | _aTesis | ||
| 100 | 1 |
_aZorrilla Sánchez, Ignacio Rafael _9126495 |
|
| 245 | 1 | 0 |
_aInnovación del modelo de negocios para empresas familiares del yogur : _h[En línea] _bestudio de caso en Berriozábal, Chiapas / _cpor Ignacio Rafael Zorrilla Sánchez. |
| 260 |
_aChapingo, Méx. : _bEl autor, _c2016. |
||
| 500 | _aPara ver el contenido del material haga clic en la liga | ||
| 502 | _aTesis (M.C. en Estrategia Agroempresarial) -- UACH. CIESTAAM. | ||
| 590 |
_aBATCH-UPD _b05 _c20170509 _lUCH01 _h0929 |
||
| 590 |
_aBATCH-UPD _b10 _c20170518 _lUCH01 _h0914 |
||
| 590 |
_aE11695DGD _b10 _c20170511 _lUCH01 _h1006 |
||
| 590 |
_aE5765TAJ _b05 _c20170509 _lUCH01 _h0928 |
||
| 590 |
_aE5765TAJ _b05 _c20170509 _lUCH01 _h0928 |
||
| 650 | 1 | 4 |
_aEmpresas familiares _xAdministración _zChiapas. _9132135 |
| 650 | 1 | 4 |
_aYogur _xIndustria. _9129405 |
| 856 |
_aFinding aid _uhttp://10.13.5.2/tesis/sist113171.pdf _zTeclea aquí |
||
| 901 | _aBK | ||
| 942 | _cTESIS | ||
| 942 | _n0 | ||
| 999 |
_c109632 _d109632 |
||